|
|
|
|
| LEADER |
01041nam a2200217 a 4500 |
| 001 |
GR-MES402 |
| 008 |
991111s gr 000 b eng d |
| 040 |
|
|
|a GrPaTEI
|b gre
|c GR-PaULI
|
| 245 |
0 |
0 |
|a Bio-engineering symposium for fish culture :
|b Proceedings of the symposium held in Traverse City, Michigan October 16-18, 1979.
|
| 260 |
|
|
|a Maryland :
|b Fish Culture Section :
|b Northeast Society of Conservation engineers,
|c c1981
|
| 300 |
|
|
|a x, 307σελ. :
|b εικ.,πιν.
|
| 500 |
|
|
|a Περιλαμβάνει βιβλιογραφικές αναφορές
|
| 650 |
|
4 |
|a ΥΔΑΤΟΚΑΛΛΙΕΡΓΕΙΕΣ-ΨΑΡΙΑ
|
| 700 |
1 |
|
|a Allen, Lochie Jo
|
| 700 |
1 |
|
|a Kinney, Edward C.
|
| 710 |
0 |
|
|a Fish Culture Section
|
| 710 |
0 |
|
|a Northeast Society of Conservation engineers
|
| 942 |
|
|
|2 ddc
|
| 952 |
|
|
|0 0
|1 0
|2 ddc
|4 0
|6 639_300000000000000
|7 0
|9 263632
|a MSLG
|b MSLG
|c BSC
|d 2021-01-17
|e 24
|f 0
|g 0.00
|l 0
|o 639.3
|p 2420000003911
|r 2021-01-17 00:00:00
|t 1
|w 2021-01-17
|y BK15
|x 19991111 0 1
|x GrPaTEI
|
| 971 |
|
|
|a .b25714430
|b 15-04-20
|c 13-09-16
|
| 999 |
|
|
|c 151780
|d 151780
|